Stratigraphy of the eastern and central United States /

Bibliographic Details
Main Author: Schuchert, Charles, 1858-1942
Format: Book
Language:English
Published: New York : London : J. Wiley & sons, inc.; Chapman & Hall, limited, [1943]
Series:His Historical geology of North America, vol. II
Subjects:

MARC

Tag First Indicator Second Indicator Subfields
LEADER 00000cam a2200000 4500
001 in00000312521
005 20151010145010.0
008 730202s1943 nyubc 00010 eng
010 |a  43002462  
035 |a (OCoLC)00551363 
035 |9 ABH7079AM 
040 |c WSU  |d TXA  |d UtOrBLW 
049 |a TXAM  |c 1 [117478]  |c 2 [380632] 
050 0 |a QE77  |b .S35 
082 0 |a 551.7 
100 1 |a Schuchert, Charles,  |d 1858-1942. 
245 1 0 |a Stratigraphy of the eastern and central United States /  |c by charles Schuchert. 
264 1 |a New York :  |b J. Wiley & sons, inc.;  |a London :  |b Chapman & Hall, limited,  |c [1943] 
300 |a xvii, 1013 pages :  |b frontispiece, portraits, maps (part folded) profiles (1 double) ;  |c 24 cm. 
336 |a text  |b txt  |2 rdacontent 
337 |a unmediated  |b n  |2 rdamedia 
338 |a volume  |b nc  |2 rdacarrier 
490 0 |a His Historical geology of North America, vol. II 
650 0 |a Geology  |z United States. 
650 0 |a Geology, Stratigraphic. 
999 |a MARS 
999 f f |s b8e2c39e-155f-33fc-b735-580060fe430f  |i 6f7f60ea-1aa4-367d-9ef9-22038cc7e883  |t 0 
952 f f |p ric  |a Texas A&M University  |b Rellis Campus  |c Joint Library Facility  |s JLF  |d Remote Storage  |t 0  |e QE77 .S35  |h Library of Congress classification  |i unmediated -- volume  |m A14804747473 
998 f f |a QE77 .S35  |t 0  |l Remote Storage